Online
Catalog

El Mundo de Sofía : (Record no. 40331)

MARC details
000 -CABECERA
campo de control de longitud fija 00679nam a2200205 a 4500
001 - NÚMERO DE CONTROL
campo de control 000040841
005 - FECHA Y HORA DE LA ÚLTIMA TRANSACCIÓN
campo de control 20201002034423.0
008 - DATOS DE LONGITUD FIJA--INFORMACIÓN GENERAL
campo de control de longitud fija 130909s2000 sp 000 0 spa d
020 ## - NÚMERO INTERNACIONAL ESTÁNDAR DEL LIBRO
Número Internacional Estándar del Libro 8478443223
040 ## - FUENTE DE LA CATALOGACIÓN
Centro catalogador/agencia de origen DO-SdBNP
Lengua de catalogación spa
Centro/agencia transcriptor BNPHU
082 ## - NÚMERO DE LA CLASIFICACIÓN DECIMAL DEWEY
Número de clasificación xxxx
Número de documento/Ítem xxxx
100 1# - ENTRADA PRINCIPAL--NOMBRE DE PERSONA
Nombre de persona Gaarder, Jostein
9 (RLIN) 67261
245 13 - MENCIÓN DE TÍTULO
Título El Mundo de Sofía :
Resto del título novela sobre la historia de la filosofía /
Mención de responsabilidad, etc. Jostein Gaarder ; traducción Kirsti Baggethun, Asunción Lorenzo.
250 ## - MENCIÓN DE EDICIÓN
Mención de edición 41a ed.
260 ## - PUBLICACIÓN, DISTRIBUCIÓN, ETC.
Lugar de publicación, distribución, etc. Madrid, :
Nombre del editor, distribuidor, etc. Siruela,
Fecha de publicación, distribución, etc. 2000.
300 ## - DESCRIPCIÓN FÍSICA
Extensión 638 p. ;
Dimensiones 22 cm.
500 ## - NOTA GENERAL
Nota general Incluye índice onomástico
700 1# - PUNTO DE ACCESO ADICIONAL--NOMBRE DE PERSONA
Nombre de persona Baggethun, Kirsti,
Término indicativo de función/relación tr.
9 (RLIN) 67262
700 1# - PUNTO DE ACCESO ADICIONAL--NOMBRE DE PERSONA
Nombre de persona Lorenzo, Asunción,
Término indicativo de función/relación tr.
9 (RLIN) 67263
Holdings
Estado de retiro Estado de pérdida Restricciones de uso No para préstamo Código de colección Localización permanente Ubicación/localización actual Ubicación en estantería Fecha de adquisición Número de inventario Total de préstamos Signatura topográfica completa Código de barras Fecha visto por última vez Precio válido a partir de Tipo de ítem Koha
      Excluido de préstamo Monografías: Libros y Folletos General General Depósito 09.09.2013 LF1   xxxx xxxx 40841-10 25.06.2020 25.06.2020 No se presta

Powered by Koha